Welcome to CU Library Online Public Access Catalogue (OPAC)

Morocco's Quest for Stronger and Inclusive Growth (Record no. 1147)

MARC details
000 -LEADER
fixed length control field 00706nam a22002177a 4500
003 - CONTROL NUMBER IDENTIFIER
control field OSt
005 - DATE AND TIME OF LATEST TRANSACTION
control field 20241113173116.0
008 - FIXED-LENGTH DATA ELEMENTS--GENERAL INFORMATION
fixed length control field 241113b |||||||| |||| 00| 0 eng d
020 ## - INTERNATIONAL STANDARD BOOK NUMBER
International Standard Book Number 9798400225406
040 ## - CATALOGING SOURCE
Language of cataloging English
Transcribing agency Central University Library
050 ## - LIBRARY OF CONGRESS CALL NUMBER
Classification number HC 890 INT
100 ## - MAIN ENTRY--PERSONAL NAME
Personal name Cardarelli Roberto, Koranchelian Taline eds
110 ## - MAIN ENTRY--CORPORATE NAME
Corporate name or jurisdiction name as entry element IMF
245 ## - TITLE STATEMENT
Title Morocco's Quest for Stronger and Inclusive Growth
260 ## - PUBLICATION, DISTRIBUTION, ETC.
Place of publication, distribution, etc. Washington DC
Name of publisher, distributor, etc. IMF,Publication Services
Date of publication, distribution, etc. 2023
300 ## - PHYSICAL DESCRIPTION
Other physical details xvii, 226
500 ## - GENERAL NOTE
General note bibliographic refs and index
600 ## - SUBJECT ADDED ENTRY--PERSONAL NAME
Source of heading or term Economic development-Morocco, Economic policy-Morocco
Geographic subdivision Morocco
700 ## - ADDED ENTRY--PERSONAL NAME
Personal name Cardarelli, Roberto; Taline Koranchelian eds
942 ## - ADDED ENTRY ELEMENTS (KOHA)
Source of classification or shelving scheme Library of Congress Classification
Koha item type Books
Suppress in OPAC No
Holdings
Withdrawn status Lost status Source of classification or shelving scheme Damaged status Not for loan Home library Current library Date acquired Total checkouts Barcode Date last seen Copy number Price effective from Koha item type
    Library of Congress Classification     Graduate Library (Christ Temple) Graduate Library (Christ Temple) 11/13/2024   GSC T00000069 11/13/2024 1 11/13/2024 Books
© 2023-2024 Copyright: Central University Libraries. All Rights Reserved | Created by: Mahone Tech Office